Zlato ako jedna z foriem alternatívneho investovania diplomová práca

Uložené v:
Podrobná bibliografia
Hlavný autor: Birová, Denisa
Korporativný autor: Fakulta podnikového manažmentu EU. Katedra podnikových financií
Ďalší autori: Škriniar, Pavel, 1979-
Médium: Kniha
Jazyk:Slovak
Vydavateľské údaje: Bratislava 2015
Tagy: Pridať tag
Žiadne tagy, Buďte prvý, kto otaguje tento záznam!

MARC

LEADER 00000nbm a2200000 4500
001 0201213
005 20161212100743.1
041 0 |a slo 
044 |a SK 
245 1 0 |a Zlato ako jedna z foriem alternatívneho investovania  |b diplomová práca  |c Denisa Birová ; školiteľ: Pavel Škriniar 
264 1 |a Bratislava  |c 2015 
300 |a 64 s. 
100 1 |a Birová, Denisa 
700 1 |a Škriniar, Pavel, 1979- 
710 2 |a Fakulta podnikového manažmentu EU. Katedra podnikových financií